000 00803nam a2200193Ii 4500
003 JO-AjNU
008 230606s9999||||xx |||||||||||||| ||und||
040 _aJO-AjNU
_beng
_erda
_cJO-AjNU
041 _aeng
050 1 4 _aPE1128 2017
100 3 _aPreparation AL-Amaireh, Ayah Maher AL-Amaireh, Esraa Abdullah AL-Momani, Saher Abd Alrahman Al - DahuonŲ› Supervisor Mahmoud AL-Sobh, Co Supervisor Abeer Al-Ghazo,
_eauthor
_95802
245 0 0 _aWriting Strategies Used by EFL Students At Ajloun National University
264 3 1 _aAjIoun: AjIoun National University, 2017
300 _a33p
_b Graduation project, AjIoun National University, 2017
336 _atext
_btxt
_2rdacontent
337 _aunmediated
_bn
_2rdamedia
338 _avolume
_bnc
_2rdacarrier
650 4 _aLanguage - Literature
_95803
999 _aE3010
_c3007
_d3007